<?xml version="1.0" encoding="UTF-8"?>
<collection xmlns="http://www.loc.gov/MARC21/slim">
<record>
  <controlfield tag="001">260445</controlfield>
  <controlfield tag="005">20240928175405.0</controlfield>
  <datafield tag="035" ind1=" " ind2=" ">
    <subfield code="a">G:(GEPRIS)421052875</subfield>
  </datafield>
  <datafield tag="024" ind1="7" ind2=" ">
    <subfield code="a">G:(GEPRIS)421052875</subfield>
    <subfield code="d">421052875</subfield>
  </datafield>
  <datafield tag="040" ind1=" " ind2=" ">
    <subfield code="a">GEPRIS</subfield>
    <subfield code="c">http://gepris.its.kfa-juelich.de</subfield>
  </datafield>
  <datafield tag="150" ind1=" " ind2=" ">
    <subfield code="a">Morphologie und Eigenbewegung von Partikeln in Plasmen</subfield>
    <subfield code="y">2019 -</subfield>
  </datafield>
  <datafield tag="371" ind1=" " ind2=" ">
    <subfield code="a">Professor Dr. Dietmar Block</subfield>
  </datafield>
  <datafield tag="450" ind1=" " ind2=" ">
    <subfield code="a">DFG project G:(GEPRIS)421052875</subfield>
    <subfield code="w">d</subfield>
    <subfield code="y">2019 -</subfield>
  </datafield>
  <datafield tag="510" ind1="1" ind2=" ">
    <subfield code="a">Deutsche Forschungsgemeinschaft</subfield>
    <subfield code="0">I:(DE-588b)2007744-0</subfield>
    <subfield code="b">DFG</subfield>
  </datafield>
  <datafield tag="680" ind1=" " ind2=" ">
    <subfield code="a">Dieses Projekt ist der Nachfolger des DGF-Projektes mit dem Titel "Veränderung von Größe und Morphologie von Mikropartikeln in Plasmen". Trotz der Corona-Krise und eingeschränkten Zugang zu Laboren wurde eine Reihe von wichtigen Ergebnissen erzielt. Der Messaufbau konnte optimiert werden und erlaubt nun neben der Größen- auch eine in-situ Messung des komplexen Brechungsindexes mit hoher Genauigkeit und guter zeitlicher Auflösung. Es wurde ferner gefunden, dass die Ätzraten bei MF-Partikeln wesentlich von der Sauerstoffkonzentration im Plasma abhängen. Es konnte beobachtet werden, dass durch das Ätzen morphologische Änderungen an der Partikeloberfläche auftreten. Jüngste Ergebnisse legen nahe, dass es möglich ist die Rotation (Spinning) von Partikeln messen zu können. Im Rahmen des neu beantragten Projektes sollen insbesondere nicht-sphärische und beschichtete/core-shell Partikel untersucht werden. Das besondere Augenmerk gilt hier der selbstgetriebenen Bewegung der Partikel und wie diese durch die Oberflächeneigenschaften beeinflusst wird.</subfield>
  </datafield>
  <datafield tag="909" ind1="C" ind2="O">
    <subfield code="o">oai:juser.fz-juelich.de:927048</subfield>
    <subfield code="p">authority:GRANT</subfield>
    <subfield code="p">authority</subfield>
  </datafield>
  <datafield tag="980" ind1=" " ind2=" ">
    <subfield code="a">G</subfield>
  </datafield>
  <datafield tag="980" ind1=" " ind2=" ">
    <subfield code="a">AUTHORITY</subfield>
  </datafield>
  <datafield tag="909" ind1="C" ind2="O">
    <subfield code="o">oai:juser.fz-juelich.de:927048</subfield>
  </datafield>
</record>
</collection>